Ageing as a Social Challenge (Record no. 91547)

MARC details
000 -LEADER
fixed length control field 01994nam a2200253Ii 4500
008 - FIXED-LENGTH DATA ELEMENTS--GENERAL INFORMATION
fixed length control field 221202s xx 000 0 und d
100 1# - MAIN ENTRY--PERSONAL NAME
Personal name Łuszczyńska, Maria,
Relator term author
245 #0 - TITLE STATEMENT
Title Ageing as a Social Challenge
246 ## - VARYING FORM OF TITLE
Title proper/short title Individual, Family and Social Aspects in Poland
264 ## - PRODUCTION, PUBLICATION, DISTRIBUTION, MANUFACTURE, AND COPYRIGHT NOTICE
Name of producer, publisher, distributor, manufacturer Taylor & Francis
Date of production, publication, distribution, manufacture, or copyright notice 2021
300 ## - PHYSICAL DESCRIPTION
Extent 1 online resource (376 pages)
336 ## - CONTENT TYPE
Content type term text
Content type code txt
Source rdacontent
337 ## - MEDIA TYPE
Media type term computer
Media type code c
Source rdamedia
338 ## - CARRIER TYPE
Carrier type term online resource
Carrier type code cr
Source rdacarrier
490 ## - SERIES STATEMENT
Series statement Social Perspectives on Ageing and Later Life
520 ## - SUMMARY, ETC.
Summary, etc. With a focus on the case of Poland, where an aging population poses a crucial challenge for the state's social, family, and gerontological policy, this book explores ageing as a personal and social phenomenon, considering the ways in which the experience of ageing is shaped by younger generations' attitudes, government support policies, local initiatives undertaken help older people stay active, and the ways in which the elderly themselves understand their own mortality. Employing demographic, philosophical, legal, psychological, gerontological perspectives, it emphasises activities that can support older adults locally or nationwide and proposes the development of a social policy and social attitudes that can facilitate changes in the social perception of aging, together with a redistribution of resources for older adults. As such, it will appeal to scholars across the social sciences with interests in ageing and the lifecourse, as well as those who wish to support older adults with concrete solutions and familiarize themselves with the aging process from an individual and social perspective.
653 ## - INDEX TERM--UNCONTROLLED
Uncontrolled term Ageing Research
653 ## - INDEX TERM--UNCONTROLLED
Uncontrolled term Aging
653 ## - INDEX TERM--UNCONTROLLED
Uncontrolled term Death And Dying
653 ## - INDEX TERM--UNCONTROLLED
Uncontrolled term Elderly
653 ## - INDEX TERM--UNCONTROLLED
Uncontrolled term Ageing
856 ## - ELECTRONIC LOCATION AND ACCESS
Uniform Resource Identifier <a href="https://docs.google.com/spreadsheets/d/1yKIrdCPDAG_9c22mwoOIO2DOhtj65Wqa/edit?usp=sharing&ouid=106555315294820607512&rtpof=true&sd=true ">https://docs.google.com/spreadsheets/d/1yKIrdCPDAG_9c22mwoOIO2DOhtj65Wqa/edit?usp=sharing&ouid=106555315294820607512&rtpof=true&sd=true </a>
Link text List of Curated E-Books
942 ## - ADDED ENTRY ELEMENTS (KOHA)
Koha item type E-Book

No items available.

University of Rizal System
Email us at univlibservices@urs.edu.ph

Visit our Website www.urs.edu.ph/library